Music Quiz

Random Music or Song Quiz

Guitar Hero III Songs Quiz Stats

 Plays Quiz Updated Jan 31, 2019

Support Sporcle.
Go Orange.
Score 0/48 Timer 10:00
0 Plays Today
Year Song % Correct
1987Welcome to the Jungle
66.7%
1988One
66%
1977Barracuda
63.1%
1970Black Magic Woman
60.9%
1975Slow Ride
58.1%
1972School's Out
55.5%
1996Bulls on Parade
54.9%
1980Hit Me With Your Best Shot
54.6%
1966Paint It Black
54.5%
1994My Name Is Jonas
54.5%
2006The Metal
52.4%
2006When You Were Young
52.1%
1975Rock and Roll All Nite
51.7%
2007The Devil Went Down to Georgia
51.3%
1990Cliffs of Dover
50.7%
1986Raining Blood
49.4%
2006Miss Murder
49.1%
1991Even Flow
48.5%
2006Knights of Cydonia
47.9%
1984Rock You Like a Hurricane
47%
2004Before I Forget
45.9%
2007Cult of Personality
45.8%
2007Anarchy in the U.K.
45.6%
1970Paranoid
44.2%
Year Song % Correct
1982The Number of the Beast
43.9%
20073's & 7's
43.9%
1973La Grange
42.9%
1968Sunshine of Your Love
41.3%
1994Sabotage
39.3%
1991Suck My Kiss
38.8%
1986Talk Dirty to Me
38.8%
1980Holiday in Cambodia
38.3%
2005Helicopter
38.1%
1970Mississippi Queen
37.4%
2005Stricken
35.5%
1993Cherub Rock
34.9%
1983Pride and Joy
33.7%
2003Reptilia
31.6%
2006Lay Down
30.6%
2006Monsters
30.5%
1990Story of My Life
29.9%
1971The Seeker
29.4%
1974Same Old Song and Dance
27.2%
2007Guitar Battle
24.9%
2007Guitar Battle
24.9%
1992Black Sunshine
23.3%
1972Cities on Flame with Rock and Roll
20.9%
1990Kool Thing
20.2%

From the Vault

Follow That Line: The Simpsons

by druhutch

'Embiggens?' I never heard that word before I moved to Springfield.
Remove Ads.
Support Sporcle.
Get the best of Sporcle when you Go Orange. This ad-free experience offers more features, more stats, and more fun while also helping to support Sporcle. Thank you for becoming a member.

Show Comments

Extras

Top Quizzes Today


Score Distribution

Your Account Isn't Verified!

In order to create a playlist on Sporcle, you need to verify the email address you used during registration. Go to your Sporcle Settings to finish the process.

Report this User

Report this user for behavior that violates our Community Guidelines.

Details: